000 01053nam a2200301 a 4500
001 000047481
003 DO-SdBNP
005 20250115124320.0
008 180606s2017 dr 000 j spa d
020 _a9789945503074
040 _aDO-SdBNP
_bspa
_cBNPHU
082 _aRD863.5
_bB142d
100 1 _aBáez, Rodolfo
_d1983-
_975101
245 1 0 _aDomadora de autos /
_cRodolfo Báez.
260 _aSanto Domingo :
_bMinisterio de Cultura ;
_bNacional,
_c2017.
300 _a77 p. ;
_c20 cm.
490 1 _aNarrativa
500 _aIncluye datos biográficos del autor en al solapa de la cubierta
500 _aParticipación en la 13a. Feria Regional del Libro Azua, 2017
586 _aSegundo lugar en el XXIII Concurso de Cuentos de Radio Santa María
590 _aInventariado, 2018/VM
650 0 _aCuentos dominicanos
_9176
650 4 _aLiteratura ddominicana
_974639
710 1 _aRepública Dominicana.
_bMinisterio de Cultura
_971794
830 0 _aNarrativa
_911366
910 _aValidado. Control de calidad MFF
942 _2ddc
_cLBS1
999 _c46969
_d46969